000 00417nam a22001457a 4500
999 _c504263
_d504263
005 20180809124553.0
008 180809b ||||| |||| 00| 0 eng d
040 _c
082 _aI5
100 _aUnited States. Department of Agriculture
_9216
245 _aForce your leadership link
_bby Development of Agriculture
260 _aWashington
_bDepartment of Agriculture
_c1954
300 _a54+p
942 _2ddc
_cGG